Statistics for name the top 10 states with the most old people

Click here to take the quiz!

General Stats

  • This quiz has been taken 24 times
  • The average score is 7 of 10

Answer Stats

Percent of old peopleState% Correct
42.2%Florida
100%
44.8%Maine
82%
43%New Hampshire
82%
42.8%Vermont
77%
41.1%Connecticut
73%
41%Delaware
68%
40.1%Montana
68%
40%New Jersey
68%
40.9%Pennsylvania
64%
42.7%West Virginia
64%

Score Distribution

Percentile by Number Answered

Percent of People with Each Score

Your Score History

You have not taken this quiz